000 00777cab a2200229 4500
001 X2027
008 090401t1995 xxu||||| |||| 00| 0 eng d
035 _a(Sirsi) u21271
041 _aeng
245 _aHunt v Beasley Drake ( a firm)
260 _c1995
350 _a0
490 _aNew Property Cases
_v1995 NPC 35
520 _aA surveyor who undertakes to check of the floor area as a condition of charging an introduction fee and who negligently does so is held liable of loss of value and legal costs. NB NO PHOTOCOPYING ALLOWEDD
650 _aINTRODUCTION FEE
650 _aLEGAL COSTS
650 _aLOSS OF VALUE
650 _aPROFESSIONAL NEGLIGENCE
690 _aMANAGEMENT-BUSINESS MANAGEMENT-PROFESSIONAL PRACTICE
942 _n0
948 _c04/03/1997
999 _c14281
_d14281